000 00581nam a2200193Ia 4500
005 20260114185709.0
008 008 260114s9999 xx 000 0 eng d
020 _a9780755625963
037 _aEBOOK
040 _aCRL
_beng
_cCRL
041 _aeng
_2eng
084 _qCRL
100 _aGeorge McGilvary
_9873262
245 0 _aGuardian of The East India Company The Life of Laurence Sulivan
260 _bBloomsbury
_c2005
856 _uhttps://doi.org/10.5040/9780755625963?locatt=label:secondary_bloomsburyCollections
942 _cEBOOK
999 _c1472210
_d1472210